| 000 | 00981nam a22002651u 4500 | ||
|---|---|---|---|
| 001 | 05081 | ||
| 003 | HDC | ||
| 007 | cr bn ---aaaaa | ||
| 008 | 210118p2014 o d 00 engg | ||
| 040 | _aHDC | ||
| 100 |
_aFatmasari Sukesti _eauthor _95305 |
||
| 245 | 4 |
_aThe Influence Halal Label And Personal Religiousity On Purchase Decision On Food Products In Indonesia / by _c Fatmasari Sukesti and Mamdukh Budiman |
|
| 260 |
_a[no place] : _b[publisher not identified], _c2014 |
||
| 300 | _a 1 online resource (4 pages) | ||
| 336 |
_atext _2rdacontent |
||
| 337 |
_acomputer _2rdamedia |
||
| 338 |
_aonline resource _2rdacarrier |
||
| 650 |
_afood products _92068 |
||
| 650 |
_aHalal label _9985 |
||
| 700 |
_aMamdukh Budiman _eauthor _95306 |
||
| 856 | _zRequest full-text at [email protected] | ||
| 942 | _2lcc | ||
| 942 | _cAR | ||
| 942 | _kJART 001272 | ||
| 999 |
_c2405 _d2405 |
||